Recursos oratorios / (Record no. 132464)

MARC details
000 -LEADER
campo de control de longitud fija 00905nam a2200181 i 4500
001 - NÚMERO DE CONTROL
campo de control 132464
003 - IDENTIFICADOR DE NÚMERO DE CONTROL
campo de control ES-MaACL
005 - FECHA Y HORA DE LA ÚLTIMA TRANSACCIÓN
campo de control 20230906194201.0
007 - CAMPO FIJO DE DESCRIPCIÓN FÍSICA--INFORMACIÓN GENERAL
campo de control de longitud fija t|
008 - DATOS DE LONGITUD FIJA--INFORMACIÓN GENERAL
campo de control de longitud fija 070214m19531967sp r ||||1| spa d
100 1# - ENTRADA PRINCIPAL--NOMBRE DE PERSONA
Nombre de persona Romero López, Francisco.
9 (RLIN) 99404
245 10 - MENCIÓN DEL TÍTULO
Título Recursos oratorios /
Mención de responsabilidad, etc. Francisco Romero López, Magistral de Zamora.
260 ## - PUBLICACIÓN, DISTRIBUCIÓN, ETC.
Lugar de publicación, distribución, etc. Zamora :
Nombre del editor, distribuidor, etc. [s. n.],
Fecha de publicación, distribución, etc. 1953-1967 (
Fabricante Imp. Horma)
300 ## - DESCRIPCIÓN FÍSICA
Extensión 8 v. ;
Dimensiones 25 cm.
505 8# - NOTA DE CONTENIDO CON FORMATO
Nota de contenido con formato Contiene: v. I-V: Parábolas, comparaciones y ejemplos para dar amenidad y claridad a la Oratoria Sagrada -- v. VI: Dominica I de Adviento a Domingo de Resurrección : cuatro homilías para cada Dominica del año, con los sermones de las Fiestas -- v. VII: Dominicas de tiempo de Pentecostés -- v. VIII: Pláticas para todas las circunstancias en que puede verse el orador sagrado
650 #4 - PUNTO DE ACCESO ADICIONAL DE MATERIA--TÉRMINO DE MATERIA
Término de materia o nombre geográfico como elemento de entrada Oratoria sagrada.
9 (RLIN) 168466
852 ## - LOCALIZACIÓN
Ubicación ES-MaACL
Número de control de estantería P-912
Sublocalización o colección R.38931
Holdings
Estatus retirado Estado de pérdida Estado de daño No para préstamo Biblioteca de origen Biblioteca actual Ubicación en estantería Fecha de adquisición Fuente de adquisición Total de préstamos Signatura topográfica completa Código de barras Visto por última vez Precio de reemplazo Tipo de ítem Koha
        Biblioteca del Ateneo de Madrid Biblioteca del Ateneo de Madrid Depósito 2 17/01/2008     P-912 1137910 23/02/2023 23/02/2023 Libro impreso